Word Ladder: Make an Animal Sound Quiz Stats

 Plays Quiz Updated Jul 12, 2016

Score 0/57 Timer 06:00
0 Plays Today
Clue 4-Letter Word % Correct
♫ Make sound like a bee ♫♫BUZZ♫
98.7%
Opposite of moreLESS
93%
♫ Make sound like a lion ♫♫ROAR♫
93%
♫ Make sound like a snake ♫♫HISS♫
93%
A wild pigBOAR
92.5%
♫ Make sound like a seal ♫♫BARK♫
91.2%
A statue from the neck upBUST
90.6%
Your behindBUTT
90.1%
Red + whitePINK
88.6%
♫ Make sound like a pig ♫♫OINK♫
87.5%
Your behindREAR
87.3%
♫ Make sound like a wolf ♫♫HOWL♫
87.3%
Put a car into a spacePARK
86.9%
NakedBARE
86.4%
Container for soupBOWL
86.4%
Major gas station companyHESS
86.1%
♫ Make sound like a dog ♫♫WOOF♫
86%
Shakespearean KingLEAR
85.6%
A window sectionPANE
85.5%
A type of evergreenPINE
85%
Blue-green colorTEAL
83.8%
Fail to make a basketMISS
83.7%
De-skin fruit with a knifePARE
83.7%
Relate a storyTELL
83.5%
Earl from the Nixon administrationBUTZ
82.8%
Fuzz in your belly buttonLINT
82.8%
Material from a tree trunkWOOD
82.5%
A queue for enteringLINE
82.3%
Ringer in a clocktowerBELL
82%
Clue 4-Letter Word % Correct
SoloLONE
81.4%
Source of milk for babiesTEAT
81.3%
Defeat in a contestBEAT
80.7%
Common trig functionSINE
79.5%
The cotton on the plantBOLL
78.7%
Impudent childBRAT
78%
'___ Get Fooled Again'WON'T
76.4%
One of two on a planeWING
75.9%
SharpenHONE
75.6%
Look at with wanton intentionsLEER
74.4%
♫ Make sound like a whale ♫♫SING♫
74.1%
A unmannered personBOOR
73.8%
Apply salve, archaicallyOINT
73.6%
Sewing machine inventor EliasHOWE
73.5%
A state of mindMOOD
73.3%
Hook a boat up to a dockMOOR
73.2%
Batman's nemesisBANE
72.8%
♫ Make sound like a donkey ♫♫BRAY♫
72.4%
Dregs in wineLEES
71.2%
Give a kiss toBUSS
69.7%
DishevelMUSS
68.9%
Actor B.D. of Law & Order: SVUWONG
68.8%
A flexible shoot or stemBINE
67.4%
♫ Make sound like a rooster ♫♫CROW♫
66.2%
An animal stomachCRAW
51.6%
A brand of supercomputersCRAY
51.6%
Klingon on the EnterpriseWORF
51.4%
Liquid drained from brewing mashWORT
48.6%

Today's Daily Dose

You're not logged in!

Compare scores with friends on all Sporcle quizzes.
OR
Log In

Sporcle TV

Today on Sporcle TV


Watch our educational content, quiz creation guides, and fun videos on Sporcle TV.

Show Comments

Extras

Top Quizzes Today


Score Distribution

Your Account Isn't Verified!

In order to create a playlist on Sporcle, you need to verify the email address you used during registration. Go to your Sporcle Settings to finish the process.

Report this User

Report this user for behavior that violates our Community Guidelines.

Details: